ბათუმის შოთა რუსთაველის სახელმწიფო უნივერსიტეტის ბიბლიოთეკა

Manufacturing ideology : (ბიბ.ჩანაწერი № 63967)

000 -LEADER
fixed length control field 00684nam a22001937a 4500
003 - CONTROL NUMBER IDENTIFIER
control field Ge_BSU
005 - DATE AND TIME OF LATEST TRANSACTION
control field 20260227124947.0
008 - FIXED-LENGTH DATA ELEMENTS--GENERAL INFORMATION
fixed length control field 260227s1998 enk||||| |||| 00| 0 eng d
020 ## - INTERNATIONAL STANDARD BOOK NUMBER
International Standard Book Number 9780691074566x
041 ## - LANGUAGE CODE
Language code of text/sound track or separate title eng
080 ## - UNIVERSAL DECIMAL CLASSIFICATION NUMBER
Universal Decimal Classification number 005.93 : 338.2(520) T-89
100 ## - MAIN ENTRY--PERSONAL NAME
Personal name Tsutsui, William M.
9 (RLIN) 27016
245 ## - TITLE STATEMENT
Title Manufacturing ideology :
Remainder of title scientific management in twentieth-century Japan /
Statement of responsibility, etc. William M. Tsutsui.
264 ## - PRODUCTION, PUBLICATION, DISTRIBUTION, MANUFACTURE, AND COPYRIGHT NOTICE
Place of production, publication, distribution, manufacture Princeton :
Name of producer, publisher, distributor, manufacturer Princeton Univ. press,
Date of production, publication, distribution, manufacture, or copyright notice 1998.
300 ## - PHYSICAL DESCRIPTION
Extent 279 p. ;
Other physical details 23 cm.
504 ## - BIBLIOGRAPHY, ETC. NOTE
Bibliography, etc. note Bibliogr.: p. 245-271
653 ## - INDEX TERM--UNCONTROLLED
keyword მრეწველობის მენეჯმენტი იაპონიაში
942 ## - ADDED ENTRY ELEMENTS (KOHA)
Source of classification or shelving scheme
Koha item type წიგნი
ეგზემპლარები
Withdrawn status Lost status Source of classification or shelving scheme Damaged status Not for loan Permanent Location Current Location Shelving location Date acquired Cost, normal purchase price Full call number Barcode Date last seen Copy number Uniform Resource Identifier Price effective from Koha item type Public note
          ბათუმის შოთა რუსთაველის სახელმწიფო უნივერსიტეტის მთავარი ბიბლიოთეკა ბათუმის შოთა რუსთაველის სახელმწიფო უნივერსიტეტის მთავარი ბიბლიოთეკა წიგნსაცავი 2026-02-27 17.00 005.93 : 338.2(520) T-89 73851 2026-02-27 73851 იაპონიის ელჩის საჩუქარი 2026-02-27 წიგნი 17 ლ.